000 00557nam a2200205 a 4500
001 19851
003 CO-ViMGA
008 141112s2004 ck r 000 u spa d
020 _a8476282540
040 _aCO-ViMGA
_bspa
_cCO-ViMGA
082 0 4 _a316.75 F193s
100 1 _aFaye, Jean Pierre
_928787
245 1 0 _aEl Siglo de las Ideologías
260 _aBarcelona :
_bSerbal,
_c1998
300 _a192 p.
490 _aLa estrella polar
590 _aForma de adquisición : Premio Mincultura
650 1 4 _aIDEOLOGIAS - SIGLO XX
_928788
942 _2ddc
_cBK
999 _c28978
_d28978